SECRETS OF SANITY (Record no. 216385)

MARC details
000 -LEADER
fixed length control field 00373nam a22001457a 4500
008 - FIXED-LENGTH DATA ELEMENTS--GENERAL INFORMATION
fixed length control field 251223b |||||||| |||| 00| 0 eng d
020 ## - INTERNATIONAL STANDARD BOOK NUMBER
International Standard Book Number 9 781906 381035
050 ## - LIBRARY OF CONGRESS CALL NUMBER
Classification number RA 785 .P45 2008
100 ## - MAIN ENTRY--PERSONAL NAME
Personal name PELT NANCY VAN
245 ## - TITLE STATEMENT
Title SECRETS OF SANITY
260 ## - PUBLICATION, DISTRIBUTION, ETC.
Place of publication, distribution, etc. THAILAND
Name of publisher, distributor, etc. AUTUMN HOUSE
Date of publication, distribution, etc. 2008
650 ## - SUBJECT ADDED ENTRY
Topical term or geographic name entry element FOR STRESSED WOMEN
942 ## - ADDED ENTRY ELEMENTS (KOHA)
Source of classification or shelving scheme Library of Congress Classification
Koha item type Long Loan Book
Holdings
Withdrawn status Lost status Source of classification or shelving scheme Damaged status Not for loan Collection Home library Current library Shelving location Date acquired Inventory number Total checkouts Full call number Barcode Date last seen Copy number Price effective from Koha item type
    Library of Congress Classification     Medicine Kisii University Library Kisii University Library On Display 12/23/2025 20991   RA 785 .P45 2008 70271 12/23/2025 C.10 12/23/2025 Long Loan Book
    Library of Congress Classification     Medicine Kisii University Library Kisii University Library On Display 12/23/2025 20991   RA 785 .P45 2008 70275 12/23/2025 C.10 12/23/2025 Long Loan Book